| 000 | 01250nam2a22002651 4500 | ||
|---|---|---|---|
| 001 | v19\rc\1611044 | ||
| 005 | 20250618224057.0 | ||
| 035 | _a(NLR Aleph) 004731471 | ||
| 090 |
_a4447157 _c4447157 |
||
| 100 | _a20061002d1905 |||y0rusy50 ca | ||
| 101 | 0 | _arus | |
| 102 | _aRU | ||
| 105 | _ay z ||||| | ||
| 200 | 0 | _a... за 1903-1904 учебный год | |
| 210 |
_dценз. 1905 _aБ. м. |
||
| 215 | _a46 с. | ||
| 461 | 0 |
_1001v19\rc\1611036 _12001#$aОтчет о состоянии С.-Петербургского Исидоровского епархиального женской училища...$v... за 1903-1904 учебный год _94447112 _aПетербургское епархиальное Исидоровское женское училище _cСанкт-Петербург _d1897-1916 _tОтчет о состоянии С.-Петербургского Исидоровского епархиального женской училища... _v... за 1903-1904 учебный год |
|
| 801 | 0 |
_aRU _bNLR _gpsbo |
|
| 801 | 0 |
_aRU _bRuMoRGB _2psbo |
|
| 801 | 1 |
_aRU _bProSoft-M _2rusmarc |
|
| 852 |
_aNLR _j18.278.4.125(9) |
||
| 852 |
_aNLR _j18.278.4.125 |
||
| 899 |
_aRuMoRGB (1895-1915*) _jL 2/276 |
||
| 942 | _cBOOK | ||
| 980 | _aNB | ||